| 000 | 00839nam1a22002171i 4500 | ||
|---|---|---|---|
| 001 | rc\2917322 | ||
| 005 | 20240723204629.0 | ||
| 035 | _a(NLR Aleph) 007067675 | ||
| 090 |
_a6348761 _c6348761 |
||
| 100 | _a20110810d1933 |||y0rusy50 ca | ||
| 101 | 0 | _arus | |
| 102 | _aRU | ||
| 105 | _ay j ||||| | ||
| 200 | 1 |
_aНачальный курс политической экономии ... _eУчебник для вечерних совпартшкол и предметных кружков. Ч. 1- _fА. Леонтьев |
|
| 210 |
_aМосква _cПартиздат _d1933 _eЛенинград _gтип. им. Евг. Соколовой |
||
| 215 | _d20х14 см | ||
| 700 | 1 |
_aЛеонтьев _bЛ.А. _f1901-1974 _gЛев Абрамович |
|
| 801 | 0 |
_aRU _bNLR _gpsbo |
|
| 801 | 1 |
_aRU _bELAR _2rusmarc |
|
| 852 |
_aNLR _j33-17/368(1) |
||
| 942 | _cBOOK | ||